[Event "DVM U16 2015"]
[Site "Lingen (Ems) GER"]
[Date "2015.12.28"]
[Round "3"]
[White "Ehmann, Thilo"]
[Black "Ovsepyan, Arshak"]
[Result "1/2-1/2"]
[Termination "normal"]
[Board "2.1"]
[WhiteElo "2211"]
[BlackElo "2138"]
[WhiteClock "01:05:07"]
[BlackClock "00:21:15"]
[WhiteTeam "SF Sasbach"]
[BlackTeam "SK Gräfelfing"]
[PlyCount "106"]
[WhiteFideId "12940968"]
[BlackFideId "24690236"]
[EventCountry "GER"]
[EventRounds "7"]
[EventType "team-swiss"]
[EventDate "2015.12.26"]

1. e4 {[%clk 1:30:59]} e6 {[%clk 1:29:54]} 2. d4 {[%clk 1:31:25]} d5 {[%clk
1:30:18]} 3. Nd2 {[%clk 1:31:52]} Nc6 {[%clk 1:30:35]} 4. Ngf3 {[%clk 1:32:07]}
Nf6 {[%clk 1:30:43]} 5. e5 {[%clk 1:32:15]} Nd7 {[%clk 1:31:03]} 6. c3 {[%clk
1:32:24]} f6 {[%clk 1:31:11]} 7. exf6 {[%clk 1:32:20]} Qxf6 {[%clk 1:31:12]} 8.
Bb5 {[%clk 1:30:50]} Bd6 {[%clk 1:28:49]} 9. O-O {[%clk 1:30:37]} O-O {[%clk
1:22:44]} 10. Nb3 {[%clk 1:25:36]} e5 {[%clk 1:15:34]} 11. dxe5 {[%clk
1:22:17]} Ndxe5 {[%clk 1:15:57]} 12. Nxe5 {[%clk 1:22:24]} Qxe5 {[%clk
1:14:28]} 13. g3 {[%clk 1:22:48]} Bh3 {[%clk 1:08:47]} 14. Re1 {[%clk 1:18:52]}
Qf5 {[%clk 1:06:00]} 15. f4 {[%clk 1:17:52]} Rae8 {[%clk 0:52:44]} 16. Rxe8
{[%clk 1:17:39]} Rxe8 {[%clk 0:52:53]} 17. Bd3 {[%clk 1:17:40]} Qf7 {[%clk
0:40:29]} 18. Bf1 {[%clk 1:06:55]} Bxf1 {[%clk 0:35:44]} 19. Qxf1 {[%clk
1:06:43]} Qe7 {[%clk 0:35:51]} 20. Bd2 {[%clk 1:05:56]} Bc5+ {[%clk 0:35:05]}
21. Nxc5 {[%clk 1:05:21]} Qxc5+ {[%clk 0:35:29]} 22. Qf2 {[%clk 1:05:43]} Qc4
{[%clk 0:28:21]} 23. Re1 {[%clk 1:04:48]} Re4 {[%clk 0:28:14]} 24. Rxe4 {[%clk
1:04:45]} dxe4 {[%clk 0:27:50]} 25. Qe3 {[%clk 1:05:02]} Qd5 {[%clk 0:22:36]}
26. b3 {[%clk 1:01:54]} b5 {[%clk 0:22:32]} 27. Be1 {[%clk 1:00:10]} a5 {[%clk
0:14:22]} 28. Qd2 {[%clk 0:58:33]} Qxd2 {[%clk 0:09:04]} 29. Bxd2 {[%clk
0:58:50]} a4 {[%clk 0:09:27]} 30. Kf2 {[%clk 0:58:47]} axb3 {[%clk 0:09:52]}
31. axb3 {[%clk 0:59:14]} Na5 {[%clk 0:10:16]} 32. Ke3 {[%clk 0:59:26]} Nxb3
{[%clk 0:09:44]} 33. Be1 {[%clk 0:59:51]} Kf7 {[%clk 0:05:40]} 34. Kxe4 {[%clk
1:00:10]} Ke6 {[%clk 0:06:04]} 35. f5+ {[%clk 0:51:48]} Kd6 {[%clk 0:05:11]}
36. g4 {[%clk 0:47:27]} Nc5+ {[%clk 0:04:36]} 37. Kd4 {[%clk 0:47:09]} Nb3+
{[%clk 0:04:31]} 38. Ke4 {[%clk 0:46:01]} Nc5+ {[%clk 0:04:15]} 39. Kd4 {[%clk
0:38:52]} Nb3+ {[%clk 0:03:48]} 40. Ke3 {[%clk 0:39:18]} Kd5 {[%clk 0:02:05]}
41. Bg3 {[%clk 0:38:30]} c5 {[%clk 0:01:24]} 42. g5 {[%clk 0:37:38]} Na5 {[%clk
0:25:43]} 43. Kf4 {[%clk 1:08:35]} Nc4 {[%clk 0:25:10]} 44. Be1 {[%clk
1:08:29]} Nb2 {[%clk 0:24:21]} 45. Bd2 {[%clk 1:08:46]} b4 {[%clk 0:23:55]} 46.
cxb4 {[%clk 1:07:40]} cxb4 {[%clk 0:23:55]} 47. g6 {[%clk 1:05:27]} hxg6 {[%clk
0:22:28]} 48. fxg6 {[%clk 1:05:37]} b3 {[%clk 0:21:26]} 49. Bc3 {[%clk
1:06:26]} Nd3+ {[%clk 0:22:23]} 50. Kg5 {[%clk 1:04:20]} b2 {[%clk 0:22:31]}
51. Bxb2 {[%clk 1:04:47]} Nxb2 {[%clk 0:22:55]} 52. h4 {[%clk 1:05:15]} Nc4
{[%clk 0:21:15]} 53. h5 {[%clk 1:05:07]} Ke5 1/2-1/2

[Event "DVM U16 2015"]
[Site "Lingen (Ems) GER"]
[Date "2015.12.28"]
[Round "3"]
[White "von Schlippe, Nikolai"]
[Black "Riehle, Marco"]
[Result "0-1"]
[Termination "normal"]
[Board "2.2"]
[WhiteElo "1970"]
[BlackElo "2171"]
[WhiteClock "00:25:27"]
[BlackClock "00:41:00"]
[WhiteTeam "SK Gräfelfing"]
[BlackTeam "SF Sasbach"]
[PlyCount "116"]
[WhiteFideId "12928135"]
[BlackFideId "12904392"]
[EventCountry "GER"]
[EventRounds "7"]
[EventType "team-swiss"]
[EventDate "2015.12.26"]

1. e4 {[%clk 1:30:57]} e5 {[%clk 1:30:58]} 2. Nf3 {[%clk 1:31:22]} Nc6 {[%clk
1:31:24]} 3. Bb5 {[%clk 1:31:47]} a6 {[%clk 1:31:36]} 4. Ba4 {[%clk 1:32:11]}
Nf6 {[%clk 1:32:01]} 5. O-O {[%clk 1:32:14]} Be7 {[%clk 1:32:27]} 6. Re1 {[%clk
1:32:38]} b5 {[%clk 1:32:49]} 7. Bb3 {[%clk 1:33:04]} O-O {[%clk 1:32:31]} 8.
h3 {[%clk 1:32:09]} d6 {[%clk 1:31:23]} 9. c3 {[%clk 1:32:19]} Na5 {[%clk
1:30:13]} 10. Bc2 {[%clk 1:32:18]} c5 {[%clk 1:29:42]} 11. d3 {[%clk 1:32:17]}
Bb7 {[%clk 1:28:43]} 12. Nbd2 {[%clk 1:31:51]} Re8 {[%clk 1:24:33]} 13. Nf1
{[%clk 1:31:21]} Bf8 {[%clk 1:23:54]} 14. Bg5 {[%clk 1:25:39]} h6 {[%clk
1:20:15]} 15. Bc1 {[%clk 1:21:56]} d5 {[%clk 1:17:38]} 16. d4 {[%clk 1:14:00]}
dxe4 {[%clk 1:06:56]} 17. Nxe5 {[%clk 1:13:42]} cxd4 {[%clk 1:05:58]} 18. cxd4
{[%clk 1:13:37]} Nc6 {[%clk 1:05:49]} 19. Nxc6 {[%clk 1:09:23]} Bxc6 {[%clk
1:06:16]} 20. a3 {[%clk 1:04:31]} Qb6 {[%clk 1:01:34]} 21. Be3 {[%clk 1:04:08]}
Rad8 {[%clk 1:01:43]} 22. Ng3 {[%clk 1:03:31]} Bd5 {[%clk 1:00:46]} 23. Qd2
{[%clk 0:43:35]} Qe6 {[%clk 0:52:59]} 24. Bf4 {[%clk 0:36:09]} Bd6 {[%clk
0:51:38]} 25. Rad1 {[%clk 0:27:50]} Rc8 {[%clk 0:43:17]} 26. Bb1 {[%clk
0:24:33]} Bb7 {[%clk 0:35:21]} 27. Bxd6 {[%clk 0:18:03]} Qxd6 {[%clk 0:35:38]}
28. Nf5 {[%clk 0:17:57]} Qd5 {[%clk 0:33:08]} 29. Qf4 {[%clk 0:16:18]} Rc6
{[%clk 0:25:02]} 30. Re3 {[%clk 0:09:42]} Bc8 {[%clk 0:21:10]} 31. Ng3 {[%clk
0:08:04]} Rce6 {[%clk 0:19:45]} 32. Bc2 {[%clk 0:08:24]} Qg5 {[%clk 0:15:35]}
33. Qxg5 {[%clk 0:05:04]} hxg5 {[%clk 0:16:03]} 34. Rde1 {[%clk 0:05:13]} Bb7
{[%clk 0:16:19]} 35. Bb3 {[%clk 0:04:58]} Rd6 {[%clk 0:15:39]} 36. Rd1 {[%clk
0:03:11]} Red8 {[%clk 0:14:38]} 37. d5 {[%clk 0:01:57]} Bxd5 {[%clk 0:13:31]}
38. Nf5 {[%clk 0:01:39]} Re6 {[%clk 0:12:45]} 39. Re2 {[%clk 0:00:59]} Rd7
{[%clk 0:11:51]} 40. Red2 {[%clk 0:00:34]} Bxb3 {[%clk 0:11:01]} 41. Rxd7
{[%clk 0:30:20]} Bxd1 {[%clk 0:40:49]} 42. Rd8+ {[%clk 0:30:29]} Ne8 {[%clk
0:39:35]} 43. Rxd1 {[%clk 0:29:25]} g6 {[%clk 0:39:51]} 44. Ne3 {[%clk
0:29:19]} Rd6 {[%clk 0:40:02]} 45. Rd5 {[%clk 0:28:09]} Rxd5 {[%clk 0:39:41]}
46. Nxd5 {[%clk 0:28:38]} f5 {[%clk 0:40:01]} 47. f3 {[%clk 0:26:04]} exf3
{[%clk 0:39:17]} 48. gxf3 {[%clk 0:26:32]} Kf7 {[%clk 0:39:34]} 49. Kf2 {[%clk
0:27:01]} Ke6 {[%clk 0:39:58]} 50. Nb4 {[%clk 0:27:27]} Nc7 {[%clk 0:40:00]}
51. Ke3 {[%clk 0:22:52]} Nd5+ {[%clk 0:38:15]} 52. Kd4 {[%clk 0:23:20]} Nxb4
{[%clk 0:38:34]} 53. axb4 {[%clk 0:23:45]} Kd6 {[%clk 0:38:58]} 54. b3 {[%clk
0:24:04]} Ke6 {[%clk 0:39:10]} 55. Kc5 {[%clk 0:24:26]} Ke5 {[%clk 0:39:38]}
56. Kb6 {[%clk 0:24:42]} Kf4 {[%clk 0:40:05]} 57. Kxa6 {[%clk 0:25:10]} Kxf3
{[%clk 0:40:32]} 58. Kxb5 {[%clk 0:25:27]} g4 {[%clk 0:41:00]} 0-1

[Event "DVM U16 2015"]
[Site "Lingen (Ems) GER"]
[Date "2015.12.28"]
[Round "3"]
[White "Zimmer, Raphael"]
[Black "Shvartsman, Kristina"]
[Result "1/2-1/2"]
[Termination "normal"]
[Board "2.3"]
[WhiteElo "2049"]
[BlackElo "1417"]
[WhiteClock "01:06:36"]
[BlackClock "00:13:08"]
[WhiteTeam "SF Sasbach"]
[BlackTeam "SK Gräfelfing"]
[PlyCount "133"]
[WhiteFideId "12978841"]
[BlackFideId "12983438"]
[EventCountry "GER"]
[EventRounds "7"]
[EventType "team-swiss"]
[EventDate "2015.12.26"]

1. e4 {[%clk 1:30:59]} c5 {[%clk 1:30:54]} 2. Nf3 {[%clk 1:31:25]} d6 {[%clk
1:31:13]} 3. d4 {[%clk 1:31:50]} cxd4 {[%clk 1:31:28]} 4. Nxd4 {[%clk 1:32:12]}
Nf6 {[%clk 1:31:30]} 5. f3 {[%clk 1:32:38]} Nc6 {[%clk 1:31:31]} 6. c4 {[%clk
1:32:51]} g6 {[%clk 1:31:32]} 7. Be3 {[%clk 1:33:14]} Bg7 {[%clk 1:29:32]} 8.
Qd2 {[%clk 1:33:34]} O-O {[%clk 1:29:07]} 9. Nc3 {[%clk 1:33:54]} Bd7 {[%clk
1:27:48]} 10. Be2 {[%clk 1:34:12]} Rc8 {[%clk 1:27:07]} 11. O-O {[%clk
1:34:05]} Ne5 {[%clk 1:16:56]} 12. b3 {[%clk 1:33:55]} Qc7 {[%clk 1:13:10]} 13.
Rac1 {[%clk 1:32:42]} a6 {[%clk 1:10:57]} 14. Rfd1 {[%clk 1:32:52]} Bc6 {[%clk
1:08:56]} 15. Bf1 {[%clk 1:31:59]} Qd7 {[%clk 1:04:08]} 16. a4 {[%clk 1:28:59]}
Ne8 {[%clk 1:02:03]} 17. Nd5 {[%clk 1:27:34]} Bxd5 {[%clk 1:01:44]} 18. cxd5
{[%clk 1:27:54]} Nc7 {[%clk 0:56:27]} 19. Qb4 {[%clk 1:27:41]} Rb8 {[%clk
0:55:16]} 20. Qa5 {[%clk 1:25:00]} Rfc8 {[%clk 0:53:54]} 21. Nc2 {[%clk
1:23:46]} f5 {[%clk 0:46:19]} 22. exf5 {[%clk 1:17:42]} Qxf5 {[%clk 0:45:36]}
23. Ba7 {[%clk 1:17:52]} Ra8 {[%clk 0:39:40]} 24. Nd4 {[%clk 1:17:49]} Qd7
{[%clk 0:39:10]} 25. Bb6 {[%clk 1:18:07]} Ne8 {[%clk 0:37:30]} 26. Rxc8 {[%clk
1:15:29]} Rxc8 {[%clk 0:36:58]} 27. Ne6 {[%clk 1:13:26]} Bh6 {[%clk 0:34:27]}
28. f4 {[%clk 1:11:50]} Ng4 {[%clk 0:33:06]} 29. g3 {[%clk 1:10:28]} Rc2 {[%clk
0:31:38]} 30. Rd2 {[%clk 1:05:53]} Rc1 {[%clk 0:30:50]} 31. Kg2 {[%clk
1:03:48]} Ng7 {[%clk 0:30:14]} 32. Bc4 {[%clk 1:02:30]} Nxe6 {[%clk 0:28:33]}
33. dxe6 {[%clk 1:02:21]} Qc6+ {[%clk 0:28:58]} 34. Bd5 {[%clk 1:02:40]} Qc8
{[%clk 0:28:57]} 35. Bd4 {[%clk 1:01:30]} Bg7 {[%clk 0:28:47]} 36. h3 {[%clk
0:57:55]} Bxd4 {[%clk 0:28:50]} 37. Rxd4 {[%clk 0:57:48]} Ne3+ {[%clk 0:29:08]}
38. Kf3 {[%clk 0:57:36]} Rc5 {[%clk 0:29:25]} 39. Qd2 {[%clk 0:57:38]} Nxd5
{[%clk 0:29:04]} 40. Rxd5 {[%clk 0:57:58]} Rc3+ {[%clk 0:29:24]} 41. Rd3 Rxd3+
{[%clk 0:29:09]} 42. Qxd3 {[%clk 0:53:03]} Qxe6 {[%clk 0:29:30]} 43. g4 {[%clk
0:53:12]} d5 {[%clk 0:20:48]} 44. a5 {[%clk 0:52:04]} Qf7 {[%clk 0:18:51]} 45.
Ke3 {[%clk 0:50:50]} e6 {[%clk 0:18:44]} 46. Qc3 {[%clk 0:50:31]} h6 {[%clk
0:18:33]} 47. h4 {[%clk 0:46:02]} Qe7 {[%clk 0:17:41]} 48. Qc2 {[%clk 0:45:15]}
Kf7 {[%clk 0:13:45]} 49. g5 {[%clk 0:44:23]} hxg5 {[%clk 0:13:55]} 50. hxg5
{[%clk 0:44:36]} e5 {[%clk 0:13:48]} 51. Qd2 {[%clk 0:43:25]} exf4+ {[%clk
0:10:36]} 52. Kxf4 {[%clk 0:43:53]} Qe4+ {[%clk 0:10:47]} 53. Kg3 {[%clk
0:44:15]} Ke6 {[%clk 0:09:05]} 54. Qc1 {[%clk 0:42:37]} Qd3+ {[%clk 0:25:03]}
55. Kf4 {[%clk 1:11:58]} Qf5+ {[%clk 0:25:02]} 56. Kg3 {[%clk 1:12:17]} d4
{[%clk 0:23:41]} 57. Qc8+ {[%clk 1:12:10]} Ke5 {[%clk 0:22:15]} 58. Qc7+ {[%clk
1:10:22]} Ke4 {[%clk 0:22:13]} 59. Qxb7+ {[%clk 1:10:23]} Ke3 {[%clk 0:21:02]}
60. Qe7+ {[%clk 1:10:17]} Qe4 {[%clk 0:20:44]} 61. Qc5 {[%clk 1:07:16]} Qf4+
{[%clk 0:20:19]} 62. Kh3 {[%clk 1:06:36]} Kf3 {[%clk 0:18:40]} 63. Qc6+ {[%clk
1:06:13]} Qe4 {[%clk 0:17:19]} 64. Qf6+ {[%clk 1:06:22]} Qf4 {[%clk 0:14:48]}
65. Qc6+ {[%clk 1:06:39]} Ke3 {[%clk 0:13:47]} 66. Qc1+ {[%clk 1:06:21]} Kf3
{[%clk 0:13:08]} 67. Qc6+ {[%clk 1:06:36]} 1/2-1/2

[Event "DVM U16 2015"]
[Site "Lingen (Ems) GER"]
[Date "2015.12.28"]
[Round "3"]
[White "Yaroshenko, Yaroslav"]
[Black "Schneider, Edward"]
[Result "1-0"]
[Termination "normal"]
[Board "2.4"]
[WhiteElo "1702"]
[BlackElo "1617"]
[WhiteClock "00:02:11"]
[BlackClock "00:01:21"]
[WhiteTeam "SK Gräfelfing"]
[BlackTeam "SF Sasbach"]
[PlyCount "109"]
[WhiteFideId "16204905"]
[BlackFideId "16200870"]
[EventCountry "GER"]
[EventRounds "7"]
[EventType "team-swiss"]
[EventDate "2015.12.26"]

1. d4 {[%clk 1:30:58]} d5 {[%clk 1:30:54]} 2. c4 {[%clk 1:31:26]} e6 {[%clk
1:31:18]} 3. Nf3 {[%clk 1:31:32]} Nf6 {[%clk 1:31:27]} 4. Bf4 {[%clk 1:31:17]}
c5 {[%clk 1:31:37]} 5. e3 {[%clk 1:30:00]} cxd4 {[%clk 1:30:48]} 6. Nxd4 {[%clk
1:18:32]} Bb4+ {[%clk 1:29:37]} 7. Nd2 {[%clk 1:06:58]} O-O {[%clk 1:28:20]} 8.
a3 {[%clk 0:59:54]} Bxd2+ {[%clk 1:21:58]} 9. Qxd2 {[%clk 1:00:10]} Ne4 {[%clk
1:20:03]} 10. Qc2 {[%clk 1:00:01]} Nc6 {[%clk 1:16:23]} 11. Nxc6 {[%clk
0:57:49]} bxc6 {[%clk 1:16:21]} 12. Bd3 {[%clk 0:57:36]} f5 {[%clk 1:06:32]}
13. O-O {[%clk 0:56:19]} Qf6 {[%clk 1:03:11]} 14. f3 {[%clk 0:49:04]} Ng5
{[%clk 1:00:15]} 15. cxd5 {[%clk 0:41:22]} cxd5 {[%clk 0:59:25]} 16. e4 {[%clk
0:32:21]} Bb7 {[%clk 0:55:00]} 17. Bxg5 {[%clk 0:29:24]} Qxg5 {[%clk 0:54:48]}
18. exf5 {[%clk 0:29:12]} exf5 {[%clk 0:54:33]} 19. Rae1 {[%clk 0:27:18]} Qf6
{[%clk 0:47:07]} 20. Re2 {[%clk 0:26:02]} Rac8 {[%clk 0:44:29]} 21. Qd2 {[%clk
0:26:07]} Rce8 {[%clk 0:39:40]} 22. Rfe1 {[%clk 0:26:09]} Rxe2 {[%clk 0:34:53]}
23. Rxe2 {[%clk 0:25:40]} Rc8 {[%clk 0:31:57]} 24. Qe1 {[%clk 0:20:51]} h6
{[%clk 0:21:58]} 25. Re5 {[%clk 0:14:08]} g6 {[%clk 0:11:31]} 26. Re8+ {[%clk
0:10:08]} Rxe8 {[%clk 0:10:49]} 27. Qxe8+ {[%clk 0:10:31]} Kg7 {[%clk 0:10:07]}
28. Qd7+ {[%clk 0:04:44]} Qf7 {[%clk 0:09:30]} 29. Qxf7+ {[%clk 0:04:47]} Kxf7
{[%clk 0:09:47]} 30. Kf2 {[%clk 0:05:05]} Ke6 {[%clk 0:09:54]} 31. Ke3 {[%clk
0:05:24]} Ke5 {[%clk 0:07:53]} 32. f4+ {[%clk 0:05:37]} Kd6 {[%clk 0:07:23]}
33. Kd4 {[%clk 0:05:42]} Bc6 {[%clk 0:07:10]} 34. b3 {[%clk 0:04:47]} Bb7
{[%clk 0:06:28]} 35. b4 {[%clk 0:04:55]} a6 {[%clk 0:04:55]} 36. a4 {[%clk
0:03:58]} Bc8 {[%clk 0:04:49]} 37. a5 {[%clk 0:01:41]} Bb7 {[%clk 0:04:16]} 38.
b5 {[%clk 0:00:52]} axb5 {[%clk 0:03:42]} 39. Bxb5 {[%clk 0:01:09]} Bc8 {[%clk
0:01:39]} 40. h4 {[%clk 0:01:27]} Bb7 {[%clk 0:00:43]} 41. Be8 {[%clk 0:01:28]}
Ke6 {[%clk 0:00:34]} 42. Bxg6 {[%clk 0:01:15]} Kf6 {[%clk 0:00:34]} 43. Bh5
{[%clk 0:01:28]} Ke6 {[%clk 0:00:35]} 44. g4 {[%clk 0:01:38]} Kf6 {[%clk
0:00:32]} 45. g5+ {[%clk 0:01:53]} hxg5 {[%clk 0:00:53]} 46. hxg5+ {[%clk
0:01:51]} Ke6 {[%clk 0:00:52]} 47. Kc5 {[%clk 0:00:35]} Ba8 {[%clk 0:00:45]}
48. Be2 {[%clk 0:00:35]} Bb7 {[%clk 0:00:46]} 49. a6 {[%clk 0:00:59]} Ba8
{[%clk 0:01:00]} 50. a7 {[%clk 0:00:44]} Bb7 {[%clk 0:00:56]} 51. Bb5 {[%clk
0:01:06]} Ba8 {[%clk 0:01:06]} 52. Bc6 {[%clk 0:01:29]} Bxc6 {[%clk 0:00:52]}
53. Kxc6 {[%clk 0:01:49]} d4 {[%clk 0:01:15]} 54. a8=Q {[%clk 0:02:11]} d3
{[%clk 0:01:21]} 55. Qe8# 1-0

[Event "DVM U16 2015"]
[Site "Lingen (Ems) GER"]
[Date "2015.12.28"]
[Round "3"]
[White "Kania, Markus"]
[Black "Böhning, Kilian"]
[Result "0-1"]
[Termination "normal"]
[Board "3.1"]
[WhiteElo "1796"]
[BlackElo "2050"]
[WhiteClock "00:18:15"]
[BlackClock "01:00:39"]
[WhiteTeam "MTV 1876 Saalfeld"]
[BlackTeam "Hagener SV"]
[PlyCount "67"]
[WhiteFideId "12903736"]
[BlackFideId "1270499"]
[EventCountry "GER"]
[EventRounds "7"]
[EventType "team-swiss"]
[EventDate "2015.12.26"]

1. Nf3 {[%clk 1:30:59]} g6 {[%clk 1:27:40]} 2. d4 {[%clk 1:31:19]} Bg7 {[%clk
1:28:02]} 3. c4 {[%clk 1:31:42]} Nf6 {[%clk 1:28:24]} 4. g3 {[%clk 1:32:04]}
O-O {[%clk 1:28:07]} 5. Bg2 {[%clk 1:32:27]} c6 {[%clk 1:27:44]} 6. O-O {[%clk
1:32:43]} d5 {[%clk 1:27:32]} 7. cxd5 {[%clk 1:32:56]} Nxd5 {[%clk 1:27:07]} 8.
Nc3 {[%clk 1:29:12]} Nd7 {[%clk 1:25:44]} 9. Nxd5 {[%clk 1:26:38]} cxd5 {[%clk
1:26:07]} 10. Bf4 {[%clk 1:26:46]} Nb6 {[%clk 1:23:49]} 11. Rc1 {[%clk
1:23:50]} Nc4 {[%clk 1:23:13]} 12. b3 {[%clk 1:21:59]} Nd6 {[%clk 1:23:05]} 13.
Ne5 {[%clk 1:13:09]} e6 {[%clk 1:21:57]} 14. Qc2 {[%clk 1:10:17]} g5 {[%clk
1:16:25]} 15. Bd2 {[%clk 1:07:33]} f6 {[%clk 1:15:40]} 16. Nd3 {[%clk 1:03:52]}
Rf7 {[%clk 1:11:38]} 17. Bb4 {[%clk 0:51:06]} Nb5 {[%clk 1:09:35]} 18. e3
{[%clk 0:47:57]} a5 {[%clk 1:09:48]} 19. a4 {[%clk 0:41:38]} axb4 {[%clk
1:07:05]} 20. axb5 {[%clk 0:41:56]} Bf8 {[%clk 1:05:56]} 21. Qd2 {[%clk
0:33:32]} Qb6 {[%clk 1:04:26]} 22. Nxb4 {[%clk 0:28:28]} Qa5 {[%clk 1:04:28]}
23. Ra1 {[%clk 0:28:40]} Qxa1 {[%clk 1:04:52]} 24. Rxa1 {[%clk 0:29:06]} Rxa1+
{[%clk 1:05:13]} 25. Bf1 {[%clk 0:29:26]} Rc7 {[%clk 1:05:10]} 26. Nd3 {[%clk
0:28:13]} b6 {[%clk 1:01:27]} 27. Kg2 {[%clk 0:27:18]} Bd7 {[%clk 1:00:45]} 28.
Qb2 {[%clk 0:22:00]} Ra8 {[%clk 1:00:10]} 29. h4 {[%clk 0:19:43]} gxh4 {[%clk
0:59:55]} 30. gxh4 {[%clk 0:19:43]} Bxb5 {[%clk 0:59:53]} 31. Nf4 {[%clk
0:19:36]} Rg7+ {[%clk 1:00:16]} 32. Kf3 {[%clk 0:18:32]} Bxf1 {[%clk 1:00:20]}
33. Nxe6 {[%clk 0:18:15]} Bg2+ {[%clk 1:00:39]} 34. Kg3 0-1

[Event "DVM U16 2015"]
[Site "Lingen (Ems) GER"]
[Date "2015.12.28"]
[Round "3"]
[White "Balazs, Balint"]
[Black "Ratay, Meike"]
[Result "1-0"]
[Termination "normal"]
[Board "3.2"]
[WhiteElo "1931"]
[BlackElo "1678"]
[WhiteClock "00:55:31"]
[BlackClock "00:38:12"]
[WhiteTeam "Hagener SV"]
[BlackTeam "MTV 1876 Saalfeld"]
[PlyCount "39"]
[WhiteFideId "12922757"]
[BlackFideId "12977608"]
[EventCountry "GER"]
[EventRounds "7"]
[EventType "team-swiss"]
[EventDate "2015.12.26"]

1. d4 {[%clk 1:30:57]} Nf6 {[%clk 1:30:54]} 2. Nc3 {[%clk 1:29:58]} g6 {[%clk
1:30:35]} 3. e4 {[%clk 1:27:17]} d6 {[%clk 1:30:03]} 4. h4 {[%clk 1:22:08]} Bg7
{[%clk 1:27:53]} 5. h5 {[%clk 1:19:14]} Nxh5 {[%clk 1:22:49]} 6. Be2 {[%clk
1:16:40]} Nf6 {[%clk 1:20:20]} 7. Be3 {[%clk 1:13:34]} Nbd7 {[%clk 1:14:26]} 8.
g4 {[%clk 1:13:06]} Nb6 {[%clk 1:09:45]} 9. g5 {[%clk 1:10:52]} Nfd7 {[%clk
1:09:07]} 10. f4 {[%clk 1:04:58]} f6 {[%clk 1:01:47]} 11. Nf3 {[%clk 1:02:19]}
Nf8 {[%clk 0:51:56]} 12. Qd2 {[%clk 1:01:23]} f5 {[%clk 0:50:22]} 13. O-O-O
{[%clk 0:58:49]} d5 {[%clk 0:43:25]} 14. exd5 Nxd5 {[%clk 0:43:42]} 15. Nxd5
{[%clk 0:55:51]} Qxd5 {[%clk 0:44:02]} 16. c4 {[%clk 0:55:43]} Qd6 {[%clk
0:42:37]} 17. Ne5 {[%clk 0:55:01]} Bxe5 {[%clk 0:41:05]} 18. fxe5 {[%clk
0:55:24]} Qe6 {[%clk 0:40:01]} 19. d5 {[%clk 0:55:24]} Qxe5 {[%clk 0:38:12]}
20. Bd4 {[%clk 0:55:31]} 1-0

[Event "DVM U16 2015"]
[Site "Lingen (Ems) GER"]
[Date "2015.12.28"]
[Round "3"]
[White "Grund, Sebastian"]
[Black "Laubrock, Paul"]
[Result "1/2-1/2"]
[Termination "normal"]
[Board "3.3"]
[WhiteElo "1778"]
[BlackElo "1980"]
[WhiteClock "00:34:32"]
[BlackClock "00:27:20"]
[WhiteTeam "MTV 1876 Saalfeld"]
[BlackTeam "Hagener SV"]
[PlyCount "79"]
[WhiteFideId "12988626"]
[BlackFideId "1270509"]
[EventCountry "GER"]
[EventRounds "7"]
[EventType "team-swiss"]
[EventDate "2015.12.26"]

1. Nf3 {[%clk 1:30:57]} d5 {[%clk 1:30:52]} 2. g3 {[%clk 1:31:21]} Nf6 {[%clk
1:28:07]} 3. Bg2 {[%clk 1:31:44]} g6 {[%clk 1:26:49]} 4. d4 {[%clk 1:31:42]}
Bg7 {[%clk 1:26:53]} 5. O-O {[%clk 1:31:59]} O-O {[%clk 1:26:07]} 6. c4 {[%clk
1:31:40]} c6 {[%clk 1:22:58]} 7. Nc3 {[%clk 1:31:33]} b6 {[%clk 1:13:57]} 8. b3
{[%clk 1:29:27]} Ba6 {[%clk 1:11:30]} 9. Ne5 {[%clk 1:24:31]} Bb7 {[%clk
1:05:17]} 10. Bb2 {[%clk 1:22:07]} Nbd7 {[%clk 1:03:44]} 11. Rc1 {[%clk
1:13:19]} e6 {[%clk 0:57:55]} 12. e4 {[%clk 1:10:22]} dxe4 {[%clk 0:55:22]} 13.
Nxe4 {[%clk 1:10:40]} Qc7 {[%clk 0:55:14]} 14. Re1 {[%clk 1:07:02]} Rfd8 {[%clk
0:51:24]} 15. Nxf6+ {[%clk 1:04:50]} Bxf6 {[%clk 0:47:42]} 16. Qf3 {[%clk
1:03:24]} Nxe5 {[%clk 0:47:09]} 17. dxe5 {[%clk 1:03:44]} Be7 {[%clk 0:46:58]}
18. Red1 {[%clk 1:02:20]} Rxd1+ {[%clk 0:41:26]} 19. Rxd1 {[%clk 1:02:41]} Rd8
{[%clk 0:41:51]} 20. a3 {[%clk 0:53:28]} Rd7 {[%clk 0:39:38]} 21. b4 {[%clk
0:51:16]} Ba6 {[%clk 0:36:10]} 22. Bf1 {[%clk 0:45:48]} Qd8 {[%clk 0:35:31]}
23. Rxd7 {[%clk 0:45:22]} Qxd7 {[%clk 0:35:53]} 24. Qd3 {[%clk 0:44:49]} Qxd3
{[%clk 0:34:05]} 25. Bxd3 {[%clk 0:45:10]} Kg7 {[%clk 0:30:42]} 26. f4 {[%clk
0:44:17]} c5 {[%clk 0:29:47]} 27. b5 {[%clk 0:43:54]} Bb7 {[%clk 0:30:11]} 28.
Kf2 {[%clk 0:44:06]} f6 {[%clk 0:30:08]} 29. Ke3 {[%clk 0:41:08]} f5 {[%clk
0:28:36]} 30. Be2 {[%clk 0:41:25]} g5 {[%clk 0:26:55]} 31. Bf3 {[%clk 0:41:10]}
gxf4+ {[%clk 0:27:01]} 32. gxf4 {[%clk 0:41:08]} Bxf3 {[%clk 0:27:24]} 33. Kxf3
{[%clk 0:41:31]} Bh4 {[%clk 0:26:42]} 34. Bc3 {[%clk 0:40:57]} Kh6 {[%clk
0:27:03]} 35. Bd2 {[%clk 0:39:21]} Kh5 {[%clk 0:27:25]} 36. Bc3 {[%clk
0:37:40]} Be7 {[%clk 0:27:42]} 37. Be1 {[%clk 0:37:45]} Bd8 {[%clk 0:27:34]}
38. h3 {[%clk 0:34:03]} Be7 {[%clk 0:27:45]} 39. Kg2 {[%clk 0:34:24]} Bd8
{[%clk 0:27:20]} 40. Kf3 {[%clk 0:34:32]} *